000 00267nam a22001097a 4500
082 _a349.5491
_bGEN
245 _aThe General Clauses Act, 1897 /
260 _aLahore :
_bEastern Law Book House,
_cN.A.
300 _a56 p. ;
_c24 cm.
563 _aHB.
942 _2ddc
_cBK
999 _c616006
_d616006